000 00588nam a2200181Ia 4500
008 100920s9999 xx 000 0 und d
082 _b29567
_a891.463.1 थ 70
100 _aआपटे हरि नारायण.
245 _aकथा -कौमुदी.
260 _bहिन्दुस्थान साहित्य ,पुणे.
_c1970
300 _a203
_bसाधी
365 _b8
520 _aलघुकथा.
630 _aकथा -कौमुदी.
650 _aलघुकथा.
730 _aकथा -कौमुदी.
942 _cBOOK
999 _c685268
_d685265